000 00514pab a2200181 454500
008 180718b2009 xxu||||| |||| 00| 0 eng d
100 _aSingh, Nandita
245 _aAnthropology of water: perspectives from traditional water management regime in rural India
260 _c2009
300 _ap.215-28.
362 _aJan-Jun
650 _aWater resources management - India
650 _aWater resources management
700 _aSingh, Om Prakash
773 _aMan in India
908 _aN
909 _a82286
999 _c82286
_d82286